Sports Quiz

Random Sports or NFL Quiz
Score 0/50 Timer 07:00
1 Play Today
Value Team % Correct
$3.81 BillionManchester United
91.1%
$4.24 BillionReal Madrid
88%
$5.50 BillionDallas Cowboys
83.1%
$4.40 BillionLos Angeles Lakers
82.9%
$4.10 BillionNew England Patriots
82.3%
$4.30 BillionGolden State Warriors
77.4%
$3.50 BillionSan Francisco 49ers
76.5%
$3.10 BillionSan Francisco Giants
75.7%
$3.30 BillionBoston Red Sox
75.6%
$2.85 BillionGreen Bay Packers
74.6%
$5.00 BillionNew York Yankees
73.4%
$2.76 BillionMiami Dolphins
70.8%
$4.02 BillionFC Barcelona
69.4%
$3.90 BillionNew York Giants
68.6%
$3.20 BillionChicago Cubs
67.8%
$3.40 BillionWashington Football Team
65.6%
$3.05 BillionPhiladelphia Eagles
65.4%
$2.80 BillionPittsburgh Steelers
65.2%
$2.78 BillionSeattle Seahawks
64.9%
$3.20 BillionChicago Bulls
64.8%
$2.20 BillionTampa Bay Buccaneers
64.6%
$2.58 BillionChelsea
64.1%
$2.755 BillionAtlanta Falcons
62.9%
$2.69 BillionManchester City
62%
$3.20 BillionNew York Jets
61.8%
Value Team % Correct
$2.65 BillionIndianapolis Colts
61.1%
$4.60 BillionNew York Knicks
61%
$3.10 BillionBoston Celtics
61%
$3.00 BillionDenver Broncos
60.2%
$2.60 BillionLos Angeles Clippers
58%
$3.10 BillionHouston Texans
56.8%
$2.40 BillionNew York Mets
56.7%
$3.02 BillionBayern Munich
56.7%
$2.75 BillionBaltimore Ravens
56.4%
$2.40 BillionCarolina Panthers
55.9%
$2.27 BillionArsenal
55.7%
$2.50 BillionLos Angeles Chargers
54.5%
$2.20 BillionSt. Louis Cardinals
53.3%
$2.70 BillionMinnesota Vikings
53.2%
$2.48 BillionHouston Rockets
52.3%
$2.50 BillionBrooklyn Nets
52.2%
$3.45 BillionChicago Bears
51.9%
$3.40 BillionLos Angeles Dodgers
50.2%
$2.25 BillionArizona Cardinals
49.9%
$2.90 BillionLas Vegas Raiders
49.8%
$2.33 BillionJacksonville Jaguars
49.7%
$2.28 BillionNew Orleans Saints
49.2%
$2.30 BillionKansas City Chiefs
47.8%
$3.80 BillionLos Angeles Rams
39.7%
$2.40 BillionDallas Mavericks
8.5%
Remove Ads.
Support Sporcle.
Get the best of Sporcle when you Go Orange. This ad-free experience offers more features, more stats, and more fun while also helping to support Sporcle. Thank you for becoming a member.

You're not logged in!

Compare scores with friends on all Sporcle quizzes.
OR
Log In

Sporcle TV

Today on Sporcle TV


Watch our educational content, quiz creation guides, and fun videos on Sporcle TV.

Show Comments

Extras

Top Quizzes Today


Score Distribution

Paid Content

Your Account Isn't Verified!

In order to create a playlist on Sporcle, you need to verify the email address you used during registration. Go to your Sporcle Settings to finish the process.

Report this User

Report this user for behavior that violates our Community Guidelines.

Details: